000 00657nam a2200205Ii 4500
003 JO-AjNU
008 230605s9999||||xx |||||||||||||| ||und||
017 _a2004/2/276
040 _aJO-AjNU
_bara
_erda
_cJO-AjNU
041 _aara
050 1 4 _aPJ7862 2004
100 3 _aتأليف الشاهد، محمود توفيق,
_eauthor
_948630
245 0 0 _aقصائد مؤمنة
264 3 1 _aعمان:وزارة الثقافة،2004
300 _a200ص
336 _atext
_btxt
_2rdacontent
337 _aunmediated
_bn
_2rdamedia
338 _avolume
_bnc
_2rdacarrier
650 4 _aالشعر العربي - العصر الحديث - الأردن
_948631
999 _aA21310
_c24878
_d24878